000 00522nam a2200193Ia 4500
005 20250326140523.0
008 250326s9999 xx 000 0 und d
037 _aTextbook
040 _aFMSL
_beng
_cFMSL
041 _aeng
_2eng
084 _aX(B) L4
_qFMSL
100 _aChiang A C
_9738044
245 0 _aFundamental methods of mathematical economics
_cChiang A C
250 _a2
260 _aLondon
_bLondon, McGraw Hill
_c1974
300 _a784p
942 _cTB
_hX(B) L4
999 _c1286150
_d1286150